000 00586nam a22001817a 4500
003 OSt
005 20120302151558.0
008 091114t xxu||||| |||| 00| 0 eng d
035 _a१६१३७
040 _cमराठी
100 _aचंपानेरकर, मनोहर
_910177
222 _aकोडी/ बौध्दिक खेळ
245 _aगणितातील कोडी आणि करामती
250 _a१ ली
260 _aपुणे
_bजयदीप
_c१९९१
300 _b३१ पाने
942 _2ddc
_cBOOK
999 _c494901
_d494898